• 首页
  • 本馆介绍
  • 公告通知
  • 最新文献
  • 馆藏检索
  • 电子资源
  • 读者导购
  • 参考咨询
  • 我的图书馆
  • 登录
  • 详细信息显示
  • 放入我的书架
  • 预约/预借图书
  • 作者相关作品
  • 分类相关作品
  • 丛书相关作品
  • 出版社相关作品

书目信息

  • 表格格式
  • 工作单格式
  • 卡片格式
题名:
实型铸造
    
 
作者: ;上海实型铸造小组 编
分册:  
出版信息: 上海   上海人民出版社  1974
页数: 225页
开本: 20cm
丛书名:
单 册:
中图分类: TG2
科图分类:
主题词: 铸造
电子资源:
ISBN:
000 00559nam0 2200193 450
001 0654263026
005 20060405150647.79
010    @dCNY0.43
100    @a20060405d1974 km y0chiy0120 ea
101 0  @achi
102    @aCN@b310000
200 1  @a实型铸造@Ashi xing zhu zao@f上海实型铸造小组编@Fshang hai shi xing zhu zao xiao zu bian
210    @a上海@c上海人民出版社@d1974
215 1  @a225页@d20cm
606 0  @a铸造
690    @aTG2@v4
711  0 @a上海实型铸造小组@Ashang hai shi xing zhu zao xiao zu@4编
801  0 @aCN@bPFT@c20060405
905    @a10447@dTG2@e2
    
    实型铸造/上海实型铸造小组编.-上海:上海人民出版社,1974
    225页;20cm
    
    
    ISBN :CNY0.43
    
●
相关链接 在E读中查询图书 在五车中查询图书 在当当中查询图书 在豆瓣中查询图书


正题名:实型铸造     索取号:TG2/2         预约/预借

序号 登录号 条形码 馆藏地/架位号 状态 备注
1 0017764   202230139   密集书库/ [索取号:TG2/2] 在馆    
唐山师范学院图书馆 欢迎您!
大连网信软件有限公司© 版权所有